Makalma : Muzakaray, Maqalat , Interviews (Record no. 325193)
[ view plain ]
| 000 -LEADER | |
|---|---|
| fixed length control field | 00385 a2200145 4500 |
| 001 - CONTROL NUMBER | |
| control field | 90120 |
| 003 - CONTROL NUMBER IDENTIFIER | |
| control field | NUST |
| 082 ## - DEWEY DECIMAL CLASSIFICATION NUMBER | |
| Classification number | 808.856 WAS |
| 100 ## - MAIN ENTRY--PERSONAL NAME | |
| Personal name | Wasif Ali Wasif |
| 9 (RLIN) | 2946 |
| 245 ## - TITLE STATEMENT | |
| Title | Makalma : Muzakaray, Maqalat , Interviews |
| Statement of responsibility, etc. | Wasif Ali Wasif |
| Medium | Urdu |
| 250 ## - EDITION STATEMENT | |
| Edition statement | 1st |
| 260 ## - PUBLICATION, DISTRIBUTION, ETC. | |
| Place of publication, distribution, etc. | Lahore |
| Name of publisher, distributor, etc. | Kashif Publications |
| Date of publication, distribution, etc. | 2000 |
| 300 ## - PHYSICAL DESCRIPTION | |
| Extent | 259p. |
| 500 ## - GENERAL NOTE | |
| General note | General Collection |
| 942 ## - ADDED ENTRY ELEMENTS (KOHA) | |
| Institution code [OBSOLETE] | CAE NUST |
| Koha item type | Book |
| Call number prefix | 808.856 WAS |
| Source of classification or shelving scheme | |
| Withdrawn status | Lost status | Damaged status | Not for loan | Collection code | Permanent Location | Current Location | Date acquired | Total Checkouts | Full call number | Barcode | Date last seen | Price effective from | Koha item type |
|---|---|---|---|---|---|---|---|---|---|---|---|---|---|
| College of Aeronautical Engineering (CAE) | College of Aeronautical Engineering (CAE) | 04/03/2017 | 808.856 WAS | CAE86578 | 04/05/2017 | 04/05/2017 | Book |
